[Event "Chioggia op-C 10th"]
[White "Salvagno, Matteo"]
[Black "Fava, Riccardo"]
[Site "Chioggia"]
[Round "5"]
[Result "0-1"]
[Date "2015.10.11"]
[WhiteElo "1440"]
[BlackElo "1380"]
[PlyCount "70"]
[EventDate "2015.10.09"]
[EventType "swiss"]
[EventRounds "5"]
[EventCountry "ITA"]
[SourceTitle "EXT 2022"]
[Source "ChessBase"]
[SourceDate "2021.10.06"]
[SourceVersion "1"]
[SourceVersionDate "2021.10.06"]
[SourceQuality "1"]

1. d4 d5 2. c4 c6 3. Bf4 Nf6 4. Nc3 Be6 5. Nf3 Ne4 6. Nxe4 dxe4 7. Ng5 Bxc4 8. Nxe4 e6 9. Nd2 Bb4 10. b3 Qxd4 11. e3 Bxd2+ 12. Qxd2 Qxa1+ 13. Qd1 Qxd1+ 14. Kxd1 Bxf1 15. Rxf1 0-0 16. Ke2 Nd7 17. Rd1 Rad8 18. Bc7 b6 19. Bxd8 Rxd8 20. Rd6 c5 21. a4 Kf8 22. e4 Ke7 23. Rd3 Nf6 24. Rh3 Rd4 25. f3 Rb4 26. e5 Nd5 27. Rxh7 Rxb3 28. Rxg7 Rb2+ 29. Kf1 Ne3+ 30. Kg1 c4 31. h4 Nf5 32. Rg5 Nxh4 33. Rg4 Rxg2+ 34. Rxg2 Nxg2 35. Kxg2 c3 0-1

[Event "Chioggia op-C 10th"]
[White "Alberton, Angela"]
[Black "Salvagno, Matteo"]
[Site "Chioggia"]
[Round "2"]
[Result "1-0"]
[Date "2015.10.10"]
[WhiteElo "1452"]
[BlackElo "1440"]
[PlyCount "111"]
[EventDate "2015.10.09"]
[EventType "swiss"]
[EventRounds "5"]
[EventCountry "ITA"]
[SourceTitle "EXT 2022"]
[Source "ChessBase"]
[SourceDate "2021.10.06"]
[SourceVersion "1"]
[SourceVersionDate "2021.10.06"]
[SourceQuality "1"]

1. e4 e5 2. Nf3 Nc6 3. d4 d6 4. Be3 Nf6 5. Nc3 Be6 6. d5 Bd7 7. dxc6 Bxc6 8. Bd3 Be7 9. 0-0 a6 10. Nh4 Bd7 11. Qf3 Bg4 12. Qg3 Qc8 13. Nf5 Rg8 14. Bg5 Bh5 15. Qh4 Qe6 16. Bxf6 Bxf6 17. Qxh5 g6 18. Qxh7 Rh8 19. Ng7+ Bxg7 20. Qxg7 0-0-0 21. f4 Rdg8 22. Qxg8+ Rxg8 23. Be2 g5 24. fxg5 Rxg5 25. h3 Qxh3 26. Rf2 Qe3 27. Re1 Qd2 28. Bg4+ Rxg4 29. Rxd2 c6 30. Rxd6 Kc7 31. Red1 Rg3 32. Na4 Re3 33. Rd7+ Kb8 34. Rxf7 Rxe4 35. Rdd7 Rb4 36. Nc5 Rxb2 37. Nxb7 Rb1+ 38. Kh2 Ka7 39. Nc5+ Kb6 40. Rb7+ Kxc5 41. Rxb1 Kd4 42. Rc7 e4 43. Kg1 Ke3 44. Re1+ Kd2 45. Rxe4 Kxc2 46. Rb7 Kd3 47. Ree7 c5 48. Rbc7 c4 49. Rcd7+ Kc3 50. Re3+ Kb2 51. a3 Ka2 52. Rb7 a5 53. Re2+ Kxa3 54. Rb6 a4 55. Re1 c3 56. Ra1# 1-0

[Event "Chioggia op-C 10th"]
[White "Salvagno, Matteo"]
[Black "Ferrari, Paolo1"]
[Site "Chioggia"]
[Round "1"]
[Result "1/2-1/2"]
[Date "2015.10.09"]
[WhiteElo "1440"]
[BlackElo "1298"]
[PlyCount "43"]
[EventDate "2015.10.09"]
[EventType "swiss"]
[EventRounds "5"]
[EventCountry "ITA"]
[SourceTitle "EXT 2022"]
[Source "ChessBase"]
[SourceDate "2021.10.06"]
[SourceVersion "1"]
[SourceVersionDate "2021.10.06"]
[SourceQuality "1"]

1. e4 d6 2. d4 Nf6 3. Nc3 c6 4. Nf3 Bg4 5. Be2 Nbd7 6. h3 Bh5 7. Be3 b5 8. 0-0 b4 9. Na4 Nxe4 10. Qd3 d5 11. a3 e6 12. axb4 Bxb4 13. c3 Bd6 14. Rac1 0-0 15. c4 Bg6 16. Qd1 Ndf6 17. Ng5 Nxg5 18. Bxg5 h6 19. Be3 Qc7 20. Re1 dxc4 21. Bxc4 Nd5 22. Bd2 1/2-1/2